LEADER 00835nam a2200229 i 4500 001 000000336447 003 CaOOAMICUS 005 20191003125847.0 008 190913s1974 it u000 u ita u 013 $a60858 040 $aSeMil$bita 245 13$aLa catechesi della vocazione. 260 $aTorino-Leumann :$bElle Di Ci,$cimprim. 1974. 300 $a208 p. ;$c21 cm. 490 0 $aVocazioni 650 4$aVocazione - Catechesi.$0(OLS)http://semarc/subject/22478 830 0$aVocazioni.$0(OLS)http://semarc/title/5334 850 $aSeMil 852 $aSeMil$W1$xVenegono$y1$m3G III 398$j218768$B230657$CSeMilBibl$Z2$F230657 $81 996 $6245$aLa catechesi della vocazione$9(OLS)http://semarc/title/425714 996 $6260$aTorino-Leumann :$bElle Di Ci$9(OLS)http://semarc/publisher/30113 LEADER 01354nam a2200277 i 4500 001 000000047979 003 CaOOAMICUS 005 20130320000000.0 008 130320s1989 it u000 u ita u 013 $a19149 020 $a88-10-40527-7 040 $aSeMil$bita 100 1 $aPanizzolo, Sandro <1953- >.$0(OLS)http://semarc/name/7781 245 10$aCoscienza di Chiesa nella teologia e nella prassi :$bindirizzi ecclesiologici nei documenti della CEI dal 1965 al 1980 /$cSandro Panizzolo. 260 $aBologna :$bEDB,$c1989. 300 $a281 p. ;$c22 cm. 490 0 $aNuovi saggi teologici : collana interconfessionale per la promozione della ricerca teologica ;$v27 650 4$aConferenza Episcopale Italiana.$0(OLS)http://semarc/subject/657 650 4$aEcclesiologia.$0(OLS)http://semarc/subject/42996 830 0$aNuovi saggi teologici ;$v27.$0(OLS)http://semarc/title/422386 850 $aSeMil 852 $aSeMil$W1$xVenegono$y1$m2LA N 27$j263012$B14134$CSeMilBibl$Z2$F14134 $81 961 $aAcquisto: Casa editrice 996 $6020$a88-10-40527-7$9(OLS)http://semarc/number/20894 996 $6245$aCoscienza di Chiesa nella teologia e nella prassi :$bindirizzi ecclesiologici nei documenti della CEI dal 1965 al 1980$9(OLS)http://semarc/title/72468 996 $6260$aBologna :$bEDB$9(OLS)http://semarc/publisher/29669 LEADER 00726naa a2200157 i 4500 001 000000301762 003 CaOOAMICUS 005 20180831172728.0 008 180831n xx u000 u und u 013 $a9496 040 $aSeMil$bita 100 1 $aLonghitano, Adolfo,$d<1935- >.$0(OLS)http://semarc/name/102 245 13$aLa chiesa locale :$bdal Vaticano 2. al codice : introduzione ; Le llana. 650 4$aChiesa locale.$0(OLS)http://semarc/subject/6605 773 0 $aLonghitano, Adolfo <1935- >$tChiesa particolare e strutture di comunione.$dBologna : EDB, copyr. 1985.$kCodice del Vaticano 2.$z88-10-40855-1$w()35767 996 $6245$aLa chiesa locale :$bdal Vaticano 2. al codice : introduzione ; Le llana$9(OLS)http://semarc/title/377753